000 00314nam a22001337a 4500
999 _c15358
_d15358
020 _a9788126436132
082 _a894.812 3
_bBAS/PR
100 _aBasheer, Vaikom Muhammed
_954
245 _aPremalekhanam
260 _aKottayam
_bD.C Books
_c2017
300 _a55
650 _aMalayalam Fiction
_93040
942 _cBK